La fábula de la alforja robada /

Guardado en:
Detalles Bibliográficos
Autor principal: Nakhjavání, Bahíyyih (autor)
Formato: Libro
Idioma:Español
Publicado: Madrid, España : Alianza, 2011, c2011
Colección:(Alianza Literaria ; 312)
Temas:
Etiquetas: Agrega una etiqueta
Sin etiquetas, Sé el primero en etiquetar este registro!

MARC

LEADER 00000nam^a2200000^a^4500
001 000432354
005 20250521000000.0
009 20260310123013.295
020 |a 978-84-206-6342-5 
037 |a Acervo ITESO - Biblioteca 
041 |a ESP 
082 |a 823.  |b NAK 
100 |a Nakhjavání, Bahíyyih  |e (autor) 
245 1 3 |a La fábula de la alforja robada /  |c B. Nakhjavání ; tr. por Pablo Somarriba Rueda. 
264 4 |a Madrid, España :  |b Alianza,  |c 2011, c2011 
300 |a 349 p. 
336 |a texto  |b txt  |2 rdacontenido 
337 |a sin mediación  |b n  |2 rdamedio 
338 |a volumen  |b nc  |2 rdasoporte 
440 1 |a (Alianza Literaria ;  |v 312) 
500 |a Traducción de: The Saddlebag 
649 |a XX 
650 |a Escritores Iraníes 
650 |a Exploradores y Viajeros en la Literatura 
650 |a Novela Inglesa 
650 |a Religión y Literatura 
650 |a Literatura de Mujeres -  |z Inglaterra 
650 |a Literatura Inglesa -  |y Siglo XXI 
650 |a Peregrinación a La Meca 
650 |a Peregrinaciones -  |z Arabia Saudita 
650 |a Viajes y Travesías -  |z Arabia Saudita 
650 |a Desiertos en la Literatura 
650 |a Desiertos -  |z Arabia Saudita 
650 |a Arabia Saudita en la Literatura 
910 |a Fondo General 
920 |a Impresos - Libros 
930 |a Colección General 
940 |a Literatura 
905 |a 101 
901 |a 0500353934  |b IT1  |c LIT  |i C175486  |u 20250521 
902 |a https://opac.biblio.iteso.mx/vufind/Record/000432354